000
00280nam a22001217a 4500
082
_a
294.543 RAM
100
_a
Ramdas, Swami
245
_a
Ramdas Speaks Vol IV
260
_a
Kasaragod, Kerala
_b
Anandashram
_c
1957
300
_a
289
650
_a
Spirituality-Hinduism
942
_c
BK
999
_c
20696
_d
20696